[Event "BCF-chT 0203 (4NCL)"]
[Site "West Bromwich"]
[Date "2003.01.18"]
[Round "3.8"]
[White "Ledger, Stephen C"]
[Black "Cast, Abigail"]
[Result "1-0"]
[WhiteElo "2172"]
[BlackElo "2114"]
[PlyCount "97"]
[EventDate "2002.11.??"]
[EventType "team"]
[EventRounds "11"]
[EventCountry "ENG"]
[SourceTitle "EXT 2004"]
[Source "ChessBase"]
[SourceDate "2003.11.25"]
[SourceVersion "1"]
[SourceVersionDate "2003.11.25"]
[SourceQuality "1"]
[WhiteTeam "BET"]
[BlackTeam "SW Dragons"]
[WhiteTeamCountry "ENG"]
[BlackTeamCountry "ENG"]

1. d4 d5 2. Nf3 Nf6 3. Bf4 Bg4 4. e3 e6 5. Be2 Nbd7 6. h3 Bh5 7. 0-0 Be7 8. Nbd2 0-0 9. c4 c6 10. Qb3 Qb6 11. c5 Qxb3 12. axb3 Ne4 13. g4 Bg6 14. b4 f6 15. Nb3 b6 16. Ba6 e5 17. dxe5 bxc5 18. Bb7 Rad8 19. Bxc6 Nxe5 20. Nxe5 fxe5 21. Bxe5 Bh4 22. f3 Ng5 23. f4 Bd3 24. Nxc5 Bxf1 25. Rxf1 Ne4 26. Ne6 Nd2 27. Nxd8 Rxd8 28. Bc7 Nxf1 29. Bxd8 Bxd8 30. Bxd5+ Kf8 31. Kxf1 Bf6 32. b3 Bc3 33. b5 Ke7 34. Ke2 Bb2 35. g5 Bc1 36. Bg8 h6 37. gxh6 gxh6 38. Kf3 Kf6 39. e4 Kg7 40. Bc4 Kf6 41. e5+ Kf5 42. Bd3+ Ke6 43. Ke4 Kf7 44. f5 Bg5 45. Bc4+ Ke8 46. f6 Bh4 47. Kf5 Bg3 48. e6 Bd6 49. Bd5 1-0

[Event "Monmouth op"]
[Site "Monmouth"]
[Date "2002.07.21"]
[Round "5"]
[White "Gandy, Andrew"]
[Black "Cast, Abigail"]
[Result "1/2-1/2"]
[WhiteElo "2097"]
[BlackElo "2114"]
[PlyCount "48"]
[EventDate "2002.07.??"]
[EventType "swiss"]
[EventRounds "5"]
[EventCountry "WLS"]
[SourceTitle "EXT 2004"]
[Source "ChessBase"]
[SourceDate "2003.11.25"]
[SourceVersion "1"]
[SourceVersionDate "2003.11.25"]
[SourceQuality "1"]

1. d4 d5 2. c4 c6 3. Nf3 Nf6 4. Qc2 e6 5. g3 Nbd7 6. Bg2 Bd6 7. 0-0 0-0 8. Rd1 Qe7 9. Nbd2 b6 10. e4 dxe4 11. Nxe4 Nxe4 12. Qxe4 Bb7 13. Ne5 Nf6 14. Bg5 Nxe4 15. Bxe7 Bxe7 16. Bxe4 Rac8 17. Rab1 Rc7 18. b4 Bf6 19. f4 Rd8 20. Kf2 Bxe5 21. dxe5 Rcd7 22. Ke2 Rxd1 23. Rxd1 Rxd1 24. Kxd1 Ba6 1/2-1/2